Pokémon - Attacken von Lucario in KA/PU - Statistiken

Allgemein
  • Dieses Quiz wurde 3 mal gespielt
  • Das Durchschnittsergebnis liegt bei 44 aus 83
Antwortstatistiken
Antwort % Korrekt
Aero-Ass
100%
Aurasphäre
100%
Durchbruch
100%
Eishieb
100%
Erdbeben
100%
Erholung
100%
Felsgrab
100%
Fußtritt
100%
Konter
100%
Kraftwelle
100%
Lichtkanone
100%
Metallklaue
100%
Metallsound
100%
Nahkampf
100%
Patronenhieb
100%
Protzer
100%
Psychokinese
100%
Schutzschild
100%
Spukball
100%
Steinhagel
100%
Steinkante
100%
Sternenhieb
100%
Vakuumwelle
100%
Ableithieb
50%
Agilität
50%
Aquawelle
50%
Ausdauer
50%
Biss
50%
Bodycheck
50%
Brüller
50%
Dampfwalze
50%
Delegator
50%
Donnerschlag
50%
Drachenpuls
50%
Dunkelklaue
50%
Eisenabwehr
50%
Fassade
50%
Finsteraura
50%
Fokusstoß
50%
Fußkick
50%
Gedankengut
50%
Gifthieb
50%
Grimasse
50%
Heilwoge
50%
Hyperstrahl
50%
Jauler
50%
Knirscher
50%
Knochenhatz
50%
Kreideschrei
50%
Offenlegung
50%
Power-Punch
50%
Regentanz
50%
Ruckzuckhieb
50%
Scanner
50%
Schaufler
50%
Schlafrede
50%
Schnellkonter
50%
Schwerttanz
50%
Sonnentag
50%
Stahlstrahl
50%
Tera-Ausbruch
50%
Turbotempo
50%
Turmkick
50%
Zen-Kopfstoß
50%
Bodyslam
0%
Coaching
0%
Gegenschlag
0%
Gigastoß
0%
Imitator
0%
Kraftschub
0%
Kreuzhieb
0%
Lebenstropfen
0%
Metronom
0%
Psycho-Plus
0%
Ränkeschmied
0%
Rapidschutz
0%
Rechte Hand
0%
Schleuder
0%
Sternschauer
0%
Überkopfwurf
0%
Wagemut
0%
Wegbereiter
0%
Zertrümmerer
0%
Keine übereinstimmenden Quizze gefunden
Verteilung der Resultate
Anzahl Personen mit jedem Resultat
Perzentil nach korrekt beantworteten Fragen
Ihre Resultats-Entwicklung
Sie haben dieses Quiz noch nicht gespielt